Echelle de mots Harry à Potter - Statistiques

Statistiques générales
  • Ce quiz a été pris 5 023 fois
  • Le résultat moyen est 10 sur 19
Statistiques - réponses
indice réponse % Correct
personnage éponyme du roman de Jk Rowling harry
100%
nom de famille du personnage potter
89%
on l'ouvre pour entrer dans une pièce porte
85%
soulever (ajouter une lettre) porter
82%
épice curry
71%
lieux où les bateaux accostent ports
70%
plat réunionnais carry
64%
biscuits apéritifs curly
58%
sections parts
58%
dessert tarte
43%
série nickelodeon: I... carly
41%
géographie (enlever une lettre) carte
41%
s'enfuir parte
41%
prénom (ajouter une lettre) charly
31%
beauté charme
31%
contrat charte
27%
pulpeux charnu
18%
forme ancienne du mot "charme" charne
17%
commune de la seine et marnes charny
14%
Aucun quiz correspondant
Distribution des résultats
% des personnes avec chaque résultat
Percentile par nombre de réponses
Votre historique - résultats
Vous n’avez pas pris ce quiz